书目信息 |
| 题名: |
《周易》的启迪
|
|
| 作者: | 史少博 著 | |
| 分册: | ||
| 出版信息: | 北京 人民日报出版社 2014 |
|
| 页数: | 246页 | |
| 开本: | 24cm | |
| 丛书名: | ||
| 单 册: | ||
| 中图分类: | B221.05 , N02 | |
| 科图分类: | ||
| 主题词: | ||
| 电子资源: | ||
| ISBN: | 978-7-5115-2171-2 | |
| 000 | 01008nam0 2200253 450 | |
| 001 | 339533 | |
| 005 | 20150608160741.65 | |
| 010 | @a978-7-5115-2171-2@dCNY48.00 | |
| 100 | @a20140613d2013 em y0chiy50 ea | |
| 101 | 0 | @achi |
| 102 | @aCN@b110000 | |
| 105 | @ay z 000yy | |
| 106 | @ar | |
| 200 | 1 | @a《周易》的启迪@A《zhou yi 》de qi di@e基于现代抑制“科技异化”的研究@f史少博著 |
| 210 | @a北京@c人民日报出版社@d2014 | |
| 215 | @a246页@d24cm | |
| 300 | @a人民日报学术文库 | |
| 330 | @a本书分析了科技异化的内涵, 列举了科技异化导致的不良后果, 阐释了科技异化的根源, 揭示了科技异化的根本原因, 在于特定的社会经济制度、社会关系以及受社会关系影响的人们对科技成果的滥用, 在于人的工具理性的扩张, 在于工具理性和价值理性的失衡, 而科技价值观上的功利主义是导致科技异化的重要原因。 | |
| 605 | @a《周易》@x关系@x科学技术@x异化(哲学)@x研究 | |
| 690 | @aB221.05@v5 | |
| 690 | @aN02@v5 | |
| 701 | 0 | @a史少博@Ashi shao bo@c(女, @f1965.8)@4著 |
| 801 | 0 | @aCN@b卓展宏图@c20150525 |
| 905 | @dB221.05@e492@f4 | |
| 《周易》的启迪:基于现代抑制“科技异化”的研究/史少博著.-北京:人民日报出版社,2014 |
| 246页;24cm |
| 人民日报学术文库 |
| ISBN 978-7-5115-2171-2:CNY48.00 |
| 本书分析了科技异化的内涵, 列举了科技异化导致的不良后果, 阐释了科技异化的根源, 揭示了科技异化的根本原因, 在于特定的社会经济制度、社会关系以及受社会关系影响的人们对科技成果的滥用, 在于人的工具理性的扩张, 在于工具理性和价值理性的失衡, 而科技价值观上的功利主义是导致科技异化的重要原因。 |
| ● |
| 相关链接 |
|
|
|
|
正题名:《周易》的启迪
索取号:B221.05/492
 
预约/预借
| 序号 | 登录号 | 条形码 | 馆藏地/架位号 | 状态 | 备注 |
| 1 | 863038 | 208630383 | 第一样本阅览室/ [索取号:B221.05/492] | 在馆 | |
| 2 | 863039 | 208630392 | 第一借阅区/ [索取号:B221.05/492] | 在馆 | |
| 3 | 863040 | 208630409 | 第一借阅区/ [索取号:B221.05/492] | 在馆 | |
| 4 | 863041 | 208630418 | 教育系资料室/ [索取号:B221.05/492] | 在馆 |